[Event "GRENKE Chess Classic"]
[Site "Karlsruhe"]
[Date "2018.03.31"]
[Round "1.5"]
[White "Bluebaum, Matthias"]
[Black "Vitiugov, Nikita"]
[Result "0-1"]
[WhiteElo "2631"]
[BlackElo "2735"]
[PlyCount "50"]
[EventDate "2018.??.??"]
[WhiteTeam "Germany"]
[BlackTeam "Russia"]
[WhiteTeamCountry "GER"]
[BlackTeamCountry "RUS"]
[WhiteClock "0:21:23"]
[BlackClock "0:13:01"]

1. d4 d5 2. c4 c6 3. Nf3 Nf6 4. e3 Bf5 5. Nc3 e6 6. Nh4 Bg6 7. Bd2 (7. Nxg6
hxg6 8. h3 Nbd7 9. Bd3 Bd6 10. O-O Qe7 11. e4 dxe4 12. Bxe4 O-O {Kramnik,V 
(2808)-Giri,A (2771) Leuven 2017}) 7... Nbd7 8. Nxg6 hxg6 9. c5 e5 10. b4 Be7
11. b5 O-O $146 (11... exd4 12. exd4 Nf8 13. bxc6 bxc6 14. Qa4 Qd7 15. Ba6 Ne6
16. Rb1 O-O {Baumgartner,U (2381)-Mauro,L (2325) corr. 2016}) 12. Qa4 $2 (12.
bxc6 bxc6 13. Be2) 12... Re8 ({Also promising was the immediate} 12... exd4 13.
exd4 Bxc5 $1 14. dxc5 Nxc5 15. Qd4 Re8+ 16. Be2 Ne6 17. Qa4 d4) 13. bxc6 bxc6
14. Be2 (14. Qxc6 $2 Rc8 15. Qa4 exd4 {would be too much.}) 14... exd4 15. exd4
Nxc5 $1 {It also works here.} 16. dxc5 d4 17. O-O dxc3 18. Bxc3 Bxc5 19. Bf3
Rc8 {Black has more or less equalized.} 20. Bxc6 $6 {A second sign of Bluebaum
lacking some sense of danger.} Re2 21. Bf3 $6 ({The ugly} 21. Be1 {might have
been better.}) 21... Rxf2 $1 22. Rxf2 Bxf2+ 23. Kxf2 Rxc3 24. Qxa7 $6 {For the
third time, grabbing a pawn is bad but here Bluebaum can hardly be blamed.
Otherwise he would be technically lost anyway, and the refutation is
impossible to see.} Ne4+ $3 {Played after almost 22 minutes. A brilliant
combination.} 25. Kg1 ({The main point was} 25. Bxe4 Rc7 $3 26. Qa8 Rc8 27. Qa6
Qd4+ 28. Kg3 Rc3+ 29. Bf3 g5 ({also good is} 29... Rc4) 30. h3 Qe5+ 31. Kf2
Rc2+ {and the rook on a1 hangs.}) 25... Ra3 $1 {A pretty final move.} (25...
Ra3 26. Qxa3 Qd4+) 0-1

[Event "GRENKE Chess Classic"]
[Site "Karlsruhe"]
[Date "2018.03.31"]
[Round "1"]
[White "Caruana, Fabiano"]
[Black "Carlsen, Magnus"]
[Result "1/2-1/2"]
[Board "1"]
[WhiteElo "2784"]
[WhiteTitle "GM"]
[WhiteCountry "USA"]
[WhiteFideId "2020009"]
[WhiteEloChange "1"]
[BlackElo "2843"]
[BlackTitle "GM"]
[BlackCountry "NOR"]
[BlackFideId "1503014"]
[BlackEloChange "-1"]

1. d4 {[%clk 1:40:59]} Nf6 {[%clk 1:40:33]} 2. c4 {[%clk 1:41:23]} g6 {[%clk
1:40:57]} 3. Nf3 {[%clk 1:41:48]} Bg7 {[%clk 1:41:18]} 4. e3 {[%clk 1:42:10]} O-O
{[%clk 1:41:23]} 5. Be2 {[%clk 1:42:35]} d6 {[%clk 1:33:31]} 6. Nc3 {[%clk
1:42:57]} Nc6 {[%clk 1:29:59]} 7. d5 {[%clk 1:41:47]} Nb4 {[%clk 1:29:58]} 8. a3
{[%clk 1:36:14]} Na6 {[%clk 1:30:21]} 9. Nd4 {[%clk 1:36:33]} e5 {[%clk 1:22:49]}
10. dxe6 {[%clk 1:24:00]} fxe6 {[%clk 1:23:16]} 11. O-O {[%clk 1:24:20]} e5
{[%clk 1:20:38]} 12. Nb3 {[%clk 1:17:59]} c6 {[%clk 1:16:59]} 13. e4 {[%clk
0:49:06]} Nc7 {[%clk 1:17:14]} 14. f4 {[%clk 0:48:55]} Ne6 {[%clk 1:10:34]} 15.
f5 {[%clk 0:46:55]} Nd4 {[%clk 1:10:24]} 16. Be3 {[%clk 0:37:33]} Nxe2+ {[%clk
0:59:59]} 17. Qxe2 {[%clk 0:37:56]} gxf5 {[%clk 1:00:19]} 18. exf5 {[%clk
0:38:21]} d5 {[%clk 0:59:28]} 19. cxd5 {[%clk 0:28:32]} cxd5 {[%clk 0:59:50]} 20.
Rad1 {[%clk 0:22:32]} d4 {[%clk 0:56:04]} 21. Bg5 {[%clk 0:22:49]} Qb6 {[%clk
0:50:34]} 22. Qc4+ {[%clk 0:23:10]} Rf7 {[%clk 0:49:37]} 23. Na4 {[%clk 0:21:06]}
Qc7 {[%clk 0:44:25]} 24. Qxc7 {[%clk 0:16:14]} Rxc7 {[%clk 0:44:26]} 25. Nac5
{[%clk 0:16:39]} b6 {[%clk 0:40:16]} 26. Bxf6 {[%clk 0:17:03]} bxc5 {[%clk
0:30:26]} 27. Bxg7 {[%clk 0:16:33]} Kxg7 {[%clk 0:30:52]} 28. Nd2 {[%clk
0:15:19]} Bb7 {[%clk 0:28:56]} 29. f6+ {[%clk 0:10:32]} Kf8 {[%clk 0:27:31]} 30.
Rde1 {[%clk 0:05:20]} Re8 {[%clk 0:27:33]} 31. Ne4 {[%clk 0:05:42]} Bxe4 {[%clk
0:27:16]} 32. Rxe4 {[%clk 0:06:09]} c4 {[%clk 0:27:24]} 33. g4 {[%clk 0:05:17]}
Rb8 {[%clk 0:23:12]} 34. Rxe5 {[%clk 0:03:28]} Rxb2 {[%clk 0:23:26]} 35. Rd5
{[%clk 0:03:46]} c3 {[%clk 0:23:16]} 36. Rd8+ {[%clk 0:03:28]} Kf7 {[%clk
0:23:44]} 37. Rh8 {[%clk 0:03:54]} Rbb7 {[%clk 0:22:06]} 38. Rxh7+ {[%clk
0:04:13]} Kg6 {[%clk 0:22:12]} 39. Rxc7 {[%clk 0:01:11]} Rxc7 {[%clk 0:22:40]}
40. Kf2 {[%clk 0:51:15]} c2 {[%clk 0:55:10]} 41. Rc1 {[%clk 0:51:16]} d3 {[%clk
0:45:33]} 42. Ke3 {[%clk 0:51:29]} Rd7 {[%clk 0:46:00]} 43. Kd2 {[%clk 0:51:33]}
Kxf6 {[%clk 0:46:27]} 44. h4 {[%clk 0:35:19]} Ke5 {[%clk 0:40:09]} 45. Rf1 {[%clk
0:33:57]} Kd4 {[%clk 0:25:41]} 46. h5 {[%clk 0:31:31]} Re7 {[%clk 0:19:15]} 47.
Rf4+ {[%clk 0:31:39]} Kd5 {[%clk 0:19:24]} 48. Rf1 {[%clk 0:29:56]} Kc4 {[%clk
0:18:40]} 49. Rf4+ {[%clk 0:30:06]} Kd5 {[%clk 0:18:25]} 50. Rf1 {[%clk 0:30:17]}
Kc4 {[%clk 0:18:34]} 51. Rf4+ {[%clk 0:30:44]} Kb3 {[%clk 0:18:21]} 52. Rb4+
{[%clk 0:26:08]} Kxa3 {[%clk 0:18:44]} 53. Rc4 {[%clk 0:26:34]} Kb3 {[%clk
0:18:57]} 54. Rc8 {[%clk 0:26:54]} a5 {[%clk 0:13:31]} 55. h6 {[%clk 0:22:57]}
Re2+ {[%clk 0:12:05]} 56. Kxd3 {[%clk 0:23:19]} Rh2 {[%clk 0:12:31]} 57. g5
{[%clk 0:20:31]} Rh3+ {[%clk 0:12:49]} 58. Kd2 {[%clk 0:20:38]} Rh2+ {[%clk
0:13:13]} 59. Kd3 {[%clk 0:21:07]} 1/2-1/2

[Event "GRENKE Chess Classic"]
[Site "Karlsruhe"]
[Date "2018.03.31"]
[Round "1.2"]
[White "Anand, Viswanathan"]
[Black "Hou, Yifan"]
[Result "1/2-1/2"]
[WhiteElo "2776"]
[BlackElo "2654"]
[PlyCount "95"]
[EventDate "2018.??.??"]
[WhiteTeam "India"]
[BlackTeam "China"]
[WhiteTeamCountry "IND"]
[BlackTeamCountry "CHN"]
[WhiteClock "0:54:37"]
[BlackClock "0:48:44"]

1. Nf3 Nf6 2. c4 e6 3. Nc3 d5 4. e3 Bd6 (4... Be7 5. b3 O-O 6. Bb2 dxc4 7. bxc4
c5 8. Rg1 Nc6 9. g4 a6 10. g5 Ne8 11. h4 Nd6 {Grischuk,A (2767)-Kramnik,V 
(2800) Moscow 2018}) 5. b3 O-O 6. Bb2 c5 7. g4 d4 8. exd4 cxd4 9. Nxd4 e5 10.
Nf5 Bxf5 11. gxf5 Nc6 $146 (11... e4 12. d4 Nc6 13. d5 Ne5 14. Be2 Re8 15. Qd2
Nf3+ 16. Bxf3 exf3+ 17. Kd1 b5 {Loxine,J (2409)-Santos Ruiz,M (2508) Germany
2017}) 12. Bg2 Nb4 13. Qe2 Nc2+ 14. Kd1 Nxa1 15. Bxa1 Qd7 16. Ne4 Qxf5 17.
Nxf6+ Qxf6 18. Bxb7 Rad8 19. Kc2 Rfe8 20. Bc3 Bc5 21. f3 Bd4 22. Re1 g6 23. Qe4
Kg7 24. Bd5 Qb6 25. b4 f5 26. Qd3 Bxc3 27. dxc3 Qd6 28. a4 a5 29. Kb3 Rb8 30.
b5 Qc5 31. h4 Rbd8 32. h5 Kf6 33. hxg6 hxg6 34. Qe3 Qxe3 35. Rxe3 Rd6 36. Re1
Rc8 37. Rh1 Kg7 38. Kc2 g5 39. Rd1 Kf6 40. Kd3 Rb6 41. Rh1 Kg7 42. Rg1 Kf6 43.
Ke3 Rd6 44. Rb1 Rb6 45. Ke2 Kg6 46. Kf2 Kf6 47. Rh1 Kg7 48. Re1 1/2-1/2

[Event "GRENKE Chess Classic"]
[Site "Karlsruhe"]
[Date "2018.03.31"]
[Round "1.3"]
[White "Meier, Georg"]
[Black "Aronian, Levon"]
[Result "1/2-1/2"]
[WhiteElo "2648"]
[BlackElo "2794"]
[PlyCount "83"]
[EventDate "2018.??.??"]
[WhiteTeam "Germany"]
[BlackTeam "Armenia"]
[WhiteTeamCountry "GER"]
[BlackTeamCountry "ARM"]
[WhiteClock "0:45:37"]
[BlackClock "1:05:45"]

1. e4 e5 2. Nf3 Nc6 3. Bb5 Nf6 4. O-O Nxe4 5. Re1 Nd6 6. Nxe5 Be7 7. Bf1 Nxe5
8. Rxe5 O-O 9. Nc3 (9. d4 Bf6 10. Re1 Re8 11. Bf4 Rxe1 12. Qxe1 Ne8 13. c3 d5
14. Bd3 g6 {So,W (2799)-Grischuk,A (2767) Berlin 2018}) 9... Ne8 10. Nd5 Bd6
11. Re2 c6 12. Ne3 Be7 13. Nf5 Bf6 14. Qe1 d5 15. Ne7+ Kh8 16. Nxc8 Rxc8 17. d3
$146 (17. g3 Qd7 18. d3 Nc7 19. Qa5 Rfe8 20. Qe1 Rxe2 21. Qxe2 b5 {Nakamura,H 
(2787)-Aronian,L (2805) Saint Louis 2014}) 17... Nd6 18. Qb4 a5 19. Qg4 b5 20.
c3 d4 21. cxd4 b4 22. d5 cxd5 23. Bf4 g6 24. Be5 Bxe5 25. Rxe5 Qf6 26. Qd4 Rc2
27. Rb1 Rfc8 28. Rxd5 Qxd4 29. Rxd4 Nf5 30. Rc4 R8xc4 31. dxc4 Nd4 32. Rd1 Ne6
33. Rd5 a4 34. Ra5 Rxb2 35. Rxa4 Kg7 36. Ra5 Kf6 37. h4 Nd4 38. c5 Rc2 39. Ra6+
Ke5 40. Rb6 Rxa2 41. Rxb4 Ra1 42. g3 1/2-1/2

[Event "GRENKE Chess Classic"]
[Site "Karlsruhe"]
[Date "2018.03.31"]
[Round "1.4"]
[White "Naiditsch, Arkadij"]
[Black "Vachier-Lagrave, Maxime"]
[Result "1/2-1/2"]
[WhiteElo "2701"]
[BlackElo "2789"]
[PlyCount "87"]
[EventDate "2018.??.??"]
[WhiteTeam "Azerbaijan"]
[BlackTeam "France"]
[WhiteTeamCountry "AZE"]
[BlackTeamCountry "FRA"]
[WhiteClock "0:45:46"]
[BlackClock "1:23:59"]

1. d4 Nf6 2. Nf3 g6 3. Bg5 Bg7 4. c3 h6 5. Bh4 d6 6. Nbd2 g5 7. Bg3 Nh5 8. e4
e6 9. Nc4 (9. Bd3 Qe7 10. Nc4 Nd7 11. Qe2 b6 12. Nfd2 Nxg3 13. hxg3 Bb7 {
Berkes,F (2653)-Kozul,Z (2604) Hungary 2018}) 9... f5 10. Nfd2 Nxg3 11. hxg3
O-O 12. Ne3 $146 (12. exf5 exf5 13. Bd3 Nc6 14. Qc2 Be6 15. Ne3 Ne7 16. f4 Nd5
17. Nxd5 Bxd5 18. O-O-O Bxg2 19. Rhg1 Bd5 20. Bxf5 Qf6 21. Be4 Bf7 22. Rdf1 {
½-½ Kodinets,K (2405)-Vaulin,A (2535) Moscow 1998}) 12... d5 13. exf5 exf5
14. Nxd5 Re8+ 15. Ne3 f4 16. Bc4+ Be6 17. Bxe6+ Rxe6 18. Qb3 Qe8 19. Ne4 Nd7
20. gxf4 gxf4 21. Ng4 Kh8 22. f3 Rxe4+ 23. fxe4 Qxe4+ 24. Kf2 f3 25. gxf3 Rf8
26. Nh2 Qh4+ 27. Kg2 Qg5+ 28. Kf1 Qh5 29. Qc2 c5 30. Qg2 (30. Kg2 $1 Qg5+ 31.
Ng4 $1 {was good for White.}) 30... cxd4 31. Ng4 Qb5+ 32. Kg1 dxc3 33. bxc3
Qc5+ 34. Qf2 Qxc3 35. Kg2 Ne5 36. Nxe5 Bxe5 37. Rxh6+ Kg7 38. Rhh1 Rf6 39. Rag1
Bd4 40. Kf1+ Kf7 41. Rh7+ Kf8 42. Rh8+ Kf7 43. Rh7+ Kf8 44. Rh8+ 1/2-1/2

[Event "GRENKE Chess Classic 2018"]
[Site "Karlsruhe GER"]
[Date "2018.04.01"]
[Round "2"]
[White "Carlsen, Magnus"]
[Black "Hou, Yifan"]
[Result "1-0"]
[WhiteElo "2843"]
[BlackElo "2654"]
[PlyCount "121"]
[EventDate "2018.03.31"]

1. e4 e5 2. Bc4 Nf6 3. d3 c6 4. Qe2 Be7 5. Nf3 (5. f4 d5 6. Bb3 dxe4 7. dxe4
exf4 8. Bxf4 O-O 9. Nf3 Na6 10. Nbd2 Nc5 {Amin,B (2663)-Xu,X (2503) Dubai 2017}
) 5... d6 6. c3 Nbd7 7. Bb3 O-O 8. O-O a5 9. d4 $146 (9. a4 b5 10. Bc2 Ba6 11.
axb5 cxb5 12. Nbd2 Qc7 13. d4 a4 14. Bd3 Rfb8 {Polgar,J (2680)-Gelfand,B (2758)
Khanty-Mansiysk 2009}) 9... a4 10. Bc2 Re8 11. Re1 Bf8 12. Qd1 b5 13. Nbd2 Qc7
14. Nf1 g6 15. Bg5 h6 16. Bd2 Bg7 17. Ng3 Nb6 {"A nice move." (Carlsen)} 18. b3
axb3 19. axb3 Rxa1 20. Qxa1 Bg4 21. Qc1 ({Carlsen considered} 21. Nh4 {for a
moment.}) 21... Bxf3 22. gxf3 h5 (22... Kh7 23. f4 b4 (23... c5)) 23. Bh6 {
"Here at least I had something to aim for. I saw this endgame and thought it
was pretty nice." (Carlsen)} Qe7 (23... Nh7 $5 24. Kh1 h4 25. Nf5 Bf6 26. Rg1
Kh8 {Carlsen}) 24. Bxg7 Kxg7 25. Qg5 Kh7 26. f4 {"Now I think I'm a little bit
better." (Carlsen)} Nfd7 (26... Kg7) (26... Kh8) (26... exf4 27. Qxf4 Nbd5 28.
Qf3 h4 29. Nf1 Kg8 ({not} 29... Nh5 {(Carlsen)} 30. Qxh5+ $1 {(Hou Yifan)}))
27. Qxe7 Rxe7 28. fxe5 dxe5 29. Rd1 $1 {Aimed against counterplay with ...exd4
and ...c5. Peter Leko was a big fan of this move.} Re8 30. dxe5 Nxe5 31. f4 Ng4
32. Rd6 Re6 ({Missing} 32... Ra8 $1 {(Leko)} 33. Rxc6 Ra2 34. Bd3 h4 35. Rxb6 {
Carlsen had seen this and thought "this is probably not a perpetual" but it is:
} hxg3 36. hxg3 Nh2 37. e5 Nf3+ 38. Kf1 Nh2+) 33. Rd8 Kg7 34. Nf1 (34. Ne2 $5)
34... Rf6 35. h3 Nh6 36. f5 gxf5 37. Ng3 Rg6 38. Kf2 fxe4 $2 {With little time
on the clock, Hou Yifan makes the decisive mistake.} ({Carlsen had seen} 38...
Rg5 $1 39. exf5 (39. Bd1 fxe4 40. Nxh5+ Kh7 41. Nf6+ Kg7 42. Nxe4 Rd5 {is also
OK for Black}) 39... h4 40. f6+ Kxf6 {and thought} 41. Ne4+ {was winning here
but later he noticed} Ke7 {"and there is nothing."}) 39. Nxh5+ Kh7 40. Bxe4 f5
41. Bg2 Nf7 42. Rf8 Ne5 43. Nf4 Rd6 44. Rxf5 Nbd7 45. Ke2 Kg7 46. h4 Nf7 47.
Be4 Nde5 48. Nh5+ Kh6 49. Ng3 Re6 50. Ke3 Kg7 51. Rf1 Kf8 52. Nf5 Ng4+ 53. Kf4
Nf6 54. Bf3 Nd5+ 55. Bxd5 cxd5 56. Ra1 Kg8 57. Ra8+ Kh7 58. Ra7 Rf6 59. h5 Kg8
60. Rd7 b4 61. cxb4 1-0

[Event "GRENKE Chess Classic 2018"]
[Site "Karlsruhe GER"]
[Date "2018.04.01"]
[Round "2"]
[White "Vachier-Lagrave, Maxime"]
[Black "Anand, Viswanathan"]
[Result "1-0"]
[WhiteElo "2789"]
[BlackElo "2776"]
[Annotator "Bojkov, Dejan"]
[PlyCount "81"]
[EventDate "2018.03.31"]

1. e4 c5 2. Nf3 e6 3. d4 cxd4 4. Nxd4 Nc6 5. Nc3 Qc7 6. Be3 a6 7. Qf3 ({
In Wijk aan Zee, the world champion chose instead:} 7. Qd2 Nf6 8. f4 Bb4 9. Bd3
Na5 10. a3 Bxc3 11. Qxc3 Qxc3+ 12. bxc3 d5 13. exd5 exd5 14. Nb3 {Carlsen,M 
(2834) -Matlakov,M (2718) Wijk aan Zee 2018}) 7... Nf6 8. O-O-O Ne5 9. Qg3 b5
10. a3 Bb7 {Anand managed to surprise his opponent. But it turned out that he
walked into home-preparation anyway!} 11. Bxb5 $1 {Played confidently and
quickly. The sacrifices on b5 in the Sicilian are as common as those on the d5
square.} Rc8 $146 {The former world champion replied with a novelty.} ({
A predecessor saw:} 11... Bxa3 12. Bf4 ({Vachier-Lagrave planned instead} 12.
Nde2 {and then Be3-f4.}) 12... Bd6 13. Nxe6 $1 fxe6 14. Rxd6 $1 Qxd6 15. Bxe5 {
with a large advantage for White, Frolyanov,D (2534)-Khanin,S (2434) Kazan 2017
}) ({Apparently, the bishop has reasons to be bold-} 11... axb5 12. Ndxb5 Qb8
13. Bb6 Nc4 14. Bc7 $1 {this is even better than} (14. Nc7+ {which also looks
great for White after} Ke7 15. Bc5+ Kd8 16. Bxf8 Rxf8 17. Nxa8 Qxg3 18. hxg3
Bxa8 19. f3) 14... Qc8 15. Rd4 {with complete domination of the white pieces.})
12. Ba4 Nxe4 13. Nxe4 Bxe4 14. Bf4 Qc4 15. Bxe5 Qxa4 16. Rd2 f6 17. Bd6 {
Up to here the Frenchman was in his prep. On the surface it seems as Black
should be doing fine with his strong center and active queenside pieces. A
closer look reveals the fact that he will need some time to get his kingside
troops into the game, and that the center will hardly ever move. Or as
Vachier-Lagrave summarized Black's situation- "unplesant."} Kf7 18. Re1 Bg6 19.
Bxf8 Rhxf8 20. Qd6 {There should be always a piece on this square to block the
pawns.} Kg8 21. f4 Rfe8 22. Re3 Qc4 ({The French GM remembered that Black's
idea was not to allow the white pawn on g4.Therefore he sugested} 22... h5 {
as possible improvement for Black.}) 23. b3 Qc7 (23... Qc5 $5 {might have been
a better try for Anand again.} 24. Qxc5 ({As} 24. Qxd7 $6 Rcd8 25. Qc6 Qxa3+ {
is comfortable for Black.}) 24... Rxc5 {with chances to start the black pawns.}
) 24. Qxc7 Rxc7 25. Kb2 Rb8 26. g4 $1 {Not only blocking, but very often
attacking the black pawn mass. Anand has the ungrateful destiny of watching
his opponent improve his position for free.} Bf7 27. a4 Rc5 $6 {A blunder
according to the players.} ({He should have chosen the passive defense instead
with} 27... Kf8 28. Ka3 {when White will keep on improving with c2-c4, etc.
but Black's position "might be holdable" (MVL)}) 28. Ne2 $1 {Missed by Anand.}
({Black was hoping for} 28. Nf3 Rc4 {which is indeed OK for him after} 29. Rxd7
Rxf4 30. h3 e5 {followed by h7-h5 with counter-play.} (30... Rxa4 31. Nd4 {
leaves White the advantage.})) 28... Rc7 {A sad necessity.} ({Since} 28... d5
$2 29. Nd4 $1 {leads to collapse of Black's position. For example} Rb6 30. Rde2
Rc4 31. a5 $1) 29. Rd6 {This outpost again.} Ra7 30. Red3 Be8 {Desperation.} ({
The alternative} 30... Rbb7 31. Ng3 Kf8 32. f5 {looks also very depressing
though. Next the white knight will come on e4 and the queenside pawns will
start moving forward.}) 31. f5 exf5 ({Or} 31... Kf7 32. Nf4 e5 33. Nd5 {
followed by a4-a6, Nd5-b6 and b- and c- pawns push.}) 32. gxf5 Rc8 33. Nc3 Rc5
34. R3d5 Rc6 35. Ne4 Kf7 36. Rd3 Rac7 37. c4 g6 {The last blunder which ends
Black's suffering.} ({Anand wanted to avoid the appearence of a knight on d6-} 
37... Ke7 38. R6d4 {followed by Ne4-d6 which is basically over.}) 38. fxg6+ {
Black decided to put an end of his suffering.} hxg6 39. Nxf6 Ke7 {White has
multiple winning choices:} 40. Re3+ (40. Ne4) (40. Kc3 Rxd6 41. Rxd6 Kxd6 42.
Nxe8+) 40... Kxd6 41. Nxe8+ 1-0

[Event "GRENKE Chess Classic 2018"]
[Site "Karlsruhe GER"]
[Date "2018.04.01"]
[Round "2"]
[White "Caruana, Fabiano"]
[Black "Bluebaum, Matthias"]
[Result "1/2-1/2"]
[WhiteElo "2784"]
[BlackElo "2631"]
[PlyCount "71"]
[EventDate "2018.03.31"]

1. e4 e6 2. d4 d5 3. Nc3 Nf6 4. e5 Nfd7 5. f4 c5 6. Nf3 Be7 (6... Nc6 7. Be3
cxd4 8. Nxd4 Bc5 9. Qd2 O-O 10. O-O-O a6 11. Qf2 Qe7 12. Bd3 f6 {Anand,V (2782)
-Bacrot,E (2725) Riadh 2017}) 7. Be3 O-O 8. Qd2 a6 9. Bd3 b5 10. Qf2 $146 (10.
O-O Nc6 11. Be2 Bb7 12. a3 Qb6 13. Rad1 cxd4 14. Nxd4 Bc5 {Quattrocchi,
G-Rebaudo,N corr. 1997}) 10... Nc6 11. dxc5 Qa5 12. O-O b4 13. Ne2 Nxc5 14.
Nfd4 Nxd4 15. Nxd4 Qc7 16. Nb3 Nxb3 17. axb3 a5 18. Bb6 Qc6 19. Bd4 Bd8 20. g4
Ba6 21. f5 Bxd3 22. cxd3 f6 23. Rac1 Qd7 24. fxe6 Qxe6 25. Qf5 Qxf5 26. Rxf5
fxe5 27. Rxf8+ Kxf8 28. Bxe5 Kf7 29. Kf2 Ra6 30. Kf3 Bf6 31. Rc7+ Kg6 32. d4
Re6 33. Kf4 Bg5+ 34. Kf3 Bf6 35. Kf4 Bg5+ 36. Kf3 1/2-1/2

[Event "GRENKE Chess Classic 2018"]
[Site "Karlsruhe GER"]
[Date "2018.04.01"]
[Round "2"]
[White "Aronian, Levon"]
[Black "Naiditsch, Arkadij"]
[Result "1-0"]
[WhiteElo "2794"]
[BlackElo "2701"]
[PlyCount "69"]
[EventDate "2018.03.31"]

1. c4 Nf6 2. Nc3 g6 3. e4 d6 4. d4 Bg7 5. Nge2 O-O 6. Ng3 e5 7. d5 a5 8. Be2
Na6 9. h4 h5 (9... c6 10. h5 cxd5 11. cxd5 Nc5 12. Be3 Qb6 13. b3 Bd7 14. O-O
Qb4 15. Qd2 Rfc8 16. a3 Qb6 17. Rab1 Qd8 {Kortschnoj,V (2585)-Nunn,J (2615)
Wijk aan Zee 1992}) 10. Bg5 Qe8 11. Qd2 Kh7 12. f3 Ng8 13. Nb5 $146 (13. O-O-O
a4 14. Rdg1 f6 15. Be3 f5 16. exf5 gxf5 17. Nxh5 Qxh5 {Kantor,G (2506)-Nitin,S
(2415) Budapest 2017}) 13... b6 14. a3 Bd7 15. b4 f6 16. Be3 f5 17. exf5 gxf5
18. Bg5 e4 (18... Nf6 $5) 19. Rb1 exf3 20. gxf3 axb4 21. axb4 Bxb5 22. cxb5 Nb8
23. O-O Nd7 24. Rbc1 Ra7 25. Bd3 Qe5 (25... Qg6 26. Qc2 Nh6 27. Ne2) 26. Nxh5
Qxd5 27. Nf4 Qb3 28. Bc4 Qb2 29. Rc2 Qd4+ 30. Qxd4 Bxd4+ 31. Kg2 Be5 32. Ne6
Rc8 33. Nd8 d5 34. Nc6 Ra3 35. Bxd5 1-0

[Event "GRENKE Chess Classic 2018"]
[Site "Karlsruhe GER"]
[Date "2018.04.01"]
[Round "2"]
[White "Vitiugov, Nikita"]
[Black "Meier, Georg"]
[Result "1-0"]
[WhiteElo "2735"]
[BlackElo "2648"]
[PlyCount "77"]
[EventDate "2018.03.31"]

1. e4 e6 2. d4 d5 3. e5 c5 4. c3 Nc6 5. Nf3 Qb6 6. a3 Nh6 7. b4 cxd4 8. b5 (8.
cxd4 Nf5 9. Be3 Bd7 10. Bd3 Rc8 11. O-O Nxe3 12. fxe3 Be7 13. Qe1 f6 {McShane,
L (2644)-Howell,D (2702) Llandudno 2017}) (8. Bxh6 gxh6 9. b5 Ne7 {Vitiugov})
8... Na5 (8... Ne7 9. cxd4 {Vitiugov}) 9. Bxh6 $146 (9. Nxd4 Bc5 10. Be3 Nf5
11. Nxf5 exf5 12. Bd4 f4 13. Be2 Bf5 14. O-O O-O {Gregory,S (2173)-Buckley,S 
(2237) Torquay 2002}) 9... gxh6 10. cxd4 Bd7 11. Nbd2 Rc8 12. a4 Qc7 (12... Bb4
13. Bd3 Bc3 14. Rc1) 13. Bd3 Qc3 14. Ke2 Be7 15. Rc1 $6 (15. Ra2 $5 {Vitiugov})
(15. Qb1 Bg5 16. Ra2 Bxd2 17. Rc2 Qb4 {Vitiugov} 18. Rxc8+ $1 Bxc8 19. Qc2 Bc3
20. Rb1 Qa3 21. Qc1 $1 Qa2+ 22. Kf1 {is good for White.}) 15... Qxc1 16. Qxc1
Rxc1 17. Rxc1 {Vitiugov said he overestimated this endgame.} Bd8 18. Nf1 Bb6 {
"Here I realized I had nothing." (Vitiugov)} 19. Rc3 Ke7 20. Ng3 (20. Ne3 h5
21. g3 a6) 20... a6 21. Ke3 axb5 22. axb5 Nc4+ $2 {"A miscalculation." (Meier)
"I had missed this but it appeared as a good blunder." (Vitiugov)} ({Black is
OK after both} 22... Ra8 {and}) (22... Rg8) 23. Bxc4 Rc8 24. Nd2 Ba5 25. Rc2
dxc4 26. Nge4 c3 27. Nb1 {Meier had forgotten that when the knight comes to d6,
it wins a tempo because b7 will be hanging.} Rg8 $6 (27... Rc7 {Vitiugov} 28.
Nbxc3 Bxb5 29. d5) (27... Rc4 $1 {Leko} 28. Nd6 Rb4 29. Nxc3 Rb3 30. Kd3 h5)
28. Nbxc3 Rxg2 29. Nd6 Rxh2 30. Nxb7 Bb6 31. Nc5 h5 32. Nxd7 Kxd7 33. Ne4 h4
34. Rc6 Bd8 35. Nc5+ Ke8 36. b6 Rh1 37. b7 h3 38. b8=Q h2 39. Rc8 1-0